|
|
|
|
| LEADER |
00000ny a22000003n 4500 |
| 005 |
20110513103738.0 |
| 008 |
880318d18581932enkdr ne 0 0eng |
| 010 |
|
|
|a sn 88063170
|
| 022 |
0 |
|
|a 0307-2738
|
| 035 |
|
|
|a 4559
|
| 040 |
|
|
|a DLC
|c DLC
|d vLex
|
| 090 |
|
|
|c 1837
|d 1837
|
| 245 |
3 |
4 |
|a The Western daily press
|h [Recurso electrn̤ico]
|
| 256 |
|
|
|a Servicio en ln̕ea
|
| 260 |
|
|
|a Bristol [England] :
|b Printed and published for the proprietor by J. Smith
|
| 310 |
|
|
|a Diaria
|
| 506 |
1 |
|
|a Contenido solo disponible en los productos indicados
|d vLex Global
|d vLex Global (Academic Edition, excluding Law Schools)
|d vLex Global (U.S. Academic Edition, excluding Law Schools)
|
| 650 |
0 |
4 |
|a Prensa
|
| 650 |
0 |
4 |
|a Publicaciones perid̤icas
|
| 740 |
0 |
|
|a vLex Revista (Servicios en ln̕ea)
|
| 843 |
|
|
|a Electrn̤ica. Abierta
|
| 853 |
|
|
|8 1
|i (year)
|j (month)
|k (day)
|
| 856 |
4 |
0 |
|z Acceso restringido
|u http://vlex.com/account/login_ip?fuente_id=4559
|
| 942 |
|
|
|c REV
|
| 999 |
|
0 |
|a Bristol (England)
|v Newspapers.
|